000 00924nam a2200241Ia 4500
999 _c47064
_d47064
001 13921
003 GE_BSU
005 20190619172124.0
008 181216s1988||||ge |||||||||||||| ||geo||
040 _cGE_BSU
041 _ageo
080 _a621.312(075) ა-60
100 _aამყოლაძე, გ.
_92626
245 _aელექტროტექნიკური მრეწველობის ეკონომიკა /
_cგ. ამყოლაძე ; რედ. მ. ძიძიგური
260 _aთბილისი
260 _bსპი
260 _c1938
300 _a135 გვ. ;
_c20 სმ.
504 _aბიბლიოგრ. გვ.114
653 _aელექტროტექნიკური მრეწველობის ეკონომიკა
700 _aძიძიგური, მ.
_eრედაქტორი
_9472
942 _cBK
_2udc